LIBRARY & INFORMATION CENTRE, KCAET, TAVANUR

ONLINE PUBLIC ACCESS CATALOGUE (OPAC)

Environmental monitoring and pollution measures / (Record no. 2395)

MARC details
000 -LEADER
fixed length control field 00480cam a2200193ua 4500
041 ## - LANGUAGE CODE
Language code of text/sound track or separate title eng
082 ## - DEWEY DECIMAL CLASSIFICATION NUMBER
Classification number 628.5
Item number JOS/EN
100 ## - MAIN ENTRY--AUTHOR NAME
Personal name Joshi, K.N .
245 ## - TITLE STATEMENT
Title Environmental monitoring and pollution measures /
250 ## - EDITION STATEMENT
Edition statement 1 /
260 ## - PUBLICATION, DISTRIBUTION, ETC. (IMPRINT)
Place of publication :
Name of publisher Academic Publishers ,
Year of publication 1991.
300 ## - PHYSICAL DESCRIPTION
Number of Pages 237 ; .
700 1# - ADDED ENTRY--PERSONAL NAME
Personal name Chouhan, T.S .
942 ## - ADDED ENTRY ELEMENTS (KOHA)
Koha item type Books
Holdings
Withdrawn status Lost status Damaged status Home library Current library Date acquired Full call number Accession Number Koha item type
      KAUAET KAUAET 07/04/2012 628.5 17869 Books
free website counter